00397nam a2200157Ia 4500003000400000008004100004040001600045082001300061100002200074245004200096260003000138300001000168490002400178650001500202650002200217GCL140319s9999 xx 000 0 eng d aGCL / cGCL04a843bB D1 aBARBIN, HERCULINE10aDITE ALEXINA B. / cBARBIN, HERCULINE a[S.N] : bFOLIO ، c1993 a762 P aCOLLECTION FOLIOv004aLITERATURE04aFRENCH LITERATURE